Historia de las religiones / (Record no. 19907)

MARC details
000 -LEADER
campo de control de longitud fija 01270nam a2200241 i 4500
001 - NÚMERO DE CONTROL
campo de control 19907
003 - IDENTIFICADOR DE NÚMERO DE CONTROL
campo de control ES-MaACL
005 - FECHA Y HORA DE LA ÚLTIMA TRANSACCIÓN
campo de control 20250728113736.0
007 - CAMPO FIJO DE DESCRIPCIÓN FÍSICA--INFORMACIÓN GENERAL
campo de control de longitud fija t|
008 - DATOS DE LONGITUD FIJA--INFORMACIÓN GENERAL
campo de control de longitud fija 021029m19771982sp ||||1| spa d
020 ## - NÚMERO INTERNACIONAL ESTÁNDAR DEL LIBRO
Número Internacional Estándar del Libro 84-323-0253-8
080 ## - NÚMERO DE LA CLASIFICACIÓN DECIMAL UNIVERSAL
Número de la Clasificación Decimal Universal 291
245 00 - MENCIÓN DEL TÍTULO
Título Historia de las religiones /
Mención de responsabilidad, etc. bajo la dirección de Henri-Charles Puech ; [traducción del francés, Isabel Martínez Martínez... et al.].
250 ## - MENCION DE EDICION
Mención de edición 1ª ed.
260 ## - PUBLICACIÓN, DISTRIBUCIÓN, ETC.
Lugar de publicación, distribución, etc. Madrid :
Nombre del editor, distribuidor, etc. Siglo XXI de España,
Fecha de publicación, distribución, etc. 1977-1982.
300 ## - DESCRIPCIÓN FÍSICA
Extensión 12 v. ;
Dimensiones 18 cm.
505 8# - NOTA DE CONTENIDO CON FORMATO
Nota de contenido con formato Contiene: v.1-3. Las religiones antiguas -- v. 4. Las religiones en la India y en Extremo Oriente : formación de las religiones universales y de salvación -- v. 5-6. Las religiones en el mundo mediterráneo y en el Oriente Próximo -- v. 7-8. Las religiones constituídas en Occidente y sus contracorrientes -- v. 9-10. Las religiones constituídas en Asia y sus contracorrientes -- v.11. Las religiones en los pueblos sin tradición escrita -- v.12. Movimientos religiosos derivados de la aculturación
650 14 - PUNTO DE ACCESO ADICIONAL DE MATERIA--TÉRMINO DE MATERIA
Término de materia o nombre geográfico como elemento de entrada Religiones-
Subdivisión general Historia
9 (RLIN) 16823
700 1# - ENTRADA AGREGADA--NOMBRE PERSONAL
Nombre de persona Puech, Henri-Charles.
9 (RLIN) 94128
700 1# - ENTRADA AGREGADA--NOMBRE PERSONAL
Nombre de persona Martínez Martínez, Isabel.
9 (RLIN) 78205
852 ## - LOCALIZACIÓN
Ubicación ES-MaACL
Número de control de estantería L-26191-202
Sublocalización o colección R.95806
Holdings
Estatus retirado Estado de pérdida Estado de daño No para préstamo Biblioteca de origen Biblioteca actual Ubicación en estantería Fecha de adquisición Fuente de adquisición Total de préstamos Signatura topográfica completa Código de barras Visto por última vez Precio de reemplazo Tipo de ítem Koha
        Biblioteca del Ateneo de Madrid Biblioteca del Ateneo de Madrid Depósito 2 17/01/2008     L-26191-202 1020390 23/02/2023 23/02/2023 Libro impreso